00681nam a2200181Ia 4500008004100000082002100041100004200062245004200104260005800146300001600204365002600220366000800246505002000254530000900274620013200283630004200415730004200457100315s9999 xx 000 0 und d b649 a658.314  a"Dalton, Gene W., Lawrence, Paul R. " aMotivation & Control in Organizations aHomewood bRichard D.Irwin & Dorsey Press  c1975  a"X,416P  " eRupees d1 b0.00  f0  gTushar Jadhav  b-   a"Flint Electric Company, The Hampton Shipyard, The White Company, Olympic Foods, Baines Electronics, British Coal Industries " aMotivation & Control in Organizations aMotivation & Control in Organizations